QUEST Central Library Banner

Co-operation in India and Abroad (Record no. 9600)

MARC details
000 -LEADER
fixed length control field 00260nam a2200109 4500
082 ## - DEWEY DECIMAL CLASSIFICATION NUMBER
Classification number BHA
100 ## - MAIN ENTRY--AUTHOR NAME
Personal name Bhatnagar, Kalka Prasad
245 ## - TITLE STATEMENT
Title Co-operation in India and Abroad
260 ## - PUBLICATION, DISTRIBUTION, ETC. (IMPRINT)
Place of publication London:
Name of publisher Singh Printing Press,
Year of publication 1965.
300 ## - PHYSICAL DESCRIPTION
Number of Pages 637p. ;
942 ## - ADDED ENTRY ELEMENTS (KOHA)
Koha item type Books
Holdings
Withdrawn status Lost status Home library Current library Date acquired Full call number Accession Number Koha item type
    Central Library, QUEST, Nawabshah Central Library, QUEST, Nawabshah 09/09/2014 BHA 17680 Books

Copyright © 2018,The QUEST, Nawabshah, Shaheed Benazirabad. All rights reserved
Mr. G. Farooq Channar (Librarian) QUEST, Nawabshah, Sindh, Pakistan 67480.
 Ph#: |   0244-9370381-4 Ext. 2308   Email| lib@quest.edu.pk   Web|  http://www.quest.edu.pk